<?xml version="1.0" encoding="UTF-8"?>
<collection xmlns="http://www.loc.gov/MARC21/slim">
 <record>
  <leader>02422nam a2200421 a 4500</leader>
  <controlfield tag="001">TVCDKTCT6232</controlfield>
  <controlfield tag="003">Thư viện trường Cao đẳng Kỹ thuật Cao Thắng</controlfield>
  <controlfield tag="005">20061212000000</controlfield>
  <controlfield tag="008">061212</controlfield>
  <datafield tag="980" ind1="\" ind2="\">
   <subfield code="a">Thư viện Trường CĐ Kỹ Thuật Cao Thắng</subfield>
  </datafield>
  <datafield tag="024" ind1=" " ind2=" ">
   <subfield code="a">RG_1 #1 eb0 i1 i5</subfield>
  </datafield>
  <datafield tag="041" ind1="0" ind2="#">
   <subfield code="a">vie</subfield>
  </datafield>
  <datafield tag="082" ind1="#" ind2="#">
   <subfield code="a">621.9 / </subfield>
   <subfield code="b">NG527L-gi</subfield>
  </datafield>
  <datafield tag="100" ind1="1" ind2="#">
   <subfield code="a">Trần Sỹ Túy</subfield>
  </datafield>
  <datafield tag="245" ind1="0" ind2="0">
   <subfield code="a">Giáo trình cơ sở kỹ thuật cắt gọt kim loại: Máy và dụng cụ cắt gọt kim loại-Phạm vi ứng dụng /</subfield>
   <subfield code="c">Trần Sỹ Túy, Bùi Quý Lực, Nguyễn Tiến Lưỡng</subfield>
  </datafield>
  <datafield tag="250" ind1="#" ind2="#">
   <subfield code="a">Tái bản lần thứ 4</subfield>
  </datafield>
  <datafield tag="260" ind1="#" ind2="#">
   <subfield code="a">H. :</subfield>
   <subfield code="b">Giáo dục ,</subfield>
   <subfield code="c">2006</subfield>
  </datafield>
  <datafield tag="300" ind1="#" ind2="#">
   <subfield code="a">271tr. ;</subfield>
   <subfield code="c">24cm</subfield>
  </datafield>
  <datafield tag="520" ind1="#" ind2="#">
   <subfield code="a">Giáo trình &quot;Cơ kỹ thuật&quot; được biên soạn với nội dung ngắn gọn, dễ hiểu, logic chặt chẽ. Giáo trình mang  tính thực tiễn cao vì đã cập nhật những kiến thức mới, từ lý thuyết đến những vấn đề thực tế.</subfield>
  </datafield>
  <datafield tag="520" ind1="#" ind2="#">
   <subfield code="a">Nội dung của giáo trình được biên soạn với dung lượng 100 tiết, gồm:</subfield>
  </datafield>
  <datafield tag="520" ind1="#" ind2="#">
   <subfield code="a">   Chương 1: Vật liệu dụng cụ cắt.</subfield>
  </datafield>
  <datafield tag="520" ind1="#" ind2="#">
   <subfield code="a">   Chương 2: Thông số hình học phần cắt của dụng cụ.</subfield>
  </datafield>
  <datafield tag="520" ind1="#" ind2="#">
   <subfield code="a">   Chương 3: Các cơ cấu chuyển động và điều khiển.</subfield>
  </datafield>
  <datafield tag="520" ind1="#" ind2="#">
   <subfield code="a">   Chương 4: Đại cương về chuyển động học trong máy công cụ.</subfield>
  </datafield>
  <datafield tag="520" ind1="#" ind2="#">
   <subfield code="a">   Chương 5: Máy tiện.</subfield>
  </datafield>
  <datafield tag="520" ind1="#" ind2="#">
   <subfield code="a">   Chương 6: Máy khoan - Máy doa - Máy tổ hợp.</subfield>
  </datafield>
  <datafield tag="520" ind1="#" ind2="#">
   <subfield code="a">   Chương 7: Máy phay.</subfield>
  </datafield>
  <datafield tag="520" ind1="#" ind2="#">
   <subfield code="a">   Chương 8: Máy chuyển động thẳng.</subfield>
  </datafield>
  <datafield tag="520" ind1="#" ind2="#">
   <subfield code="a">   Chương 9: Máy gia công ren và răng.</subfield>
  </datafield>
  <datafield tag="520" ind1="#" ind2="#">
   <subfield code="a">   Chương 10: Máy mài. </subfield>
  </datafield>
  <datafield tag="520" ind1="#" ind2="#">
   <subfield code="a">   Chương 11: Máy công cụ điều khiển số NC-CNC.</subfield>
  </datafield>
  <datafield tag="520" ind1="#" ind2="#">
   <subfield code="a">   Chương 12: Các phương pháp gia công mới.</subfield>
  </datafield>
  <datafield tag="650" ind1="#" ind2="4">
   <subfield code="a">Kỹ thuật gia công</subfield>
  </datafield>
  <datafield tag="650" ind1="#" ind2="4">
   <subfield code="a">Dụng cụ cắt</subfield>
  </datafield>
  <datafield tag="650" ind1="#" ind2="4">
   <subfield code="a">Kim loại--Gia công</subfield>
  </datafield>
  <datafield tag="650" ind1="#" ind2="4">
   <subfield code="a">Máy tiện--Máy khoan--Máy công cụ điều khiển số NC-CNC</subfield>
  </datafield>
  <datafield tag="700" ind1="0" ind2="#">
   <subfield code="a">Bùi Quý Lực</subfield>
  </datafield>
  <datafield tag="700" ind1="0" ind2="#">
   <subfield code="a">Nguyễn Tiến Lưỡng, </subfield>
   <subfield code="e">Tác giả</subfield>
  </datafield>
 </record>
</collection>
